000
003630000a22001690004500
005
20120302061809.0
942
_c
BOOK
100
_a
Yogendra
245
_a
Yoga:Hygiene Simplified
260
_a
Mumbai:Yoga Institute,1972.
300
_a
155p.
490
_a
Yoga Studies
040
_a
ENG
650
_a
Religion
650
_a
Yoga
650
_a
Hygine-yoga
999
_c
354923
_d
354920